| 000 | 00893nam a2200217 a 4500 | ||
|---|---|---|---|
| 003 | 0 | ||
| 005 | 20250424083944.0 | ||
| 008 | 970114s19uu xx 00 eng d | ||
| 050 |
_aPGS HE 5614 _b.K19 2003 |
||
| 100 | _aKatzer, Kevin N. | ||
| 245 |
_aIntroduction and promotion of a carpool program as an alternative solution to the growing traffic in BF Homes community and in Southville International School / _cKevin N. Katzer. |
||
| 260 |
_aLas PiƱas City, Philippines : _bSouthville International School and Colleges, _c2003. |
||
| 300 |
_a26 pages : _billustrations ; _c28 cm. |
||
| 504 | _aIncludes bibliographical references. | ||
| 650 |
_aTraffic congestion _vPrevention. |
||
| 650 |
_aTransportation _vEnvironmental aspects. |
||
| 650 |
_aCommuting students _vTransportation. |
||
| 650 | _aCommunity-based transportation programs. | ||
| 650 | _aCar pools. | ||
| 942 |
_2lcc _cPASS |
||
| 999 |
_c96877 _d96877 |
||